[Event "Kiev Malakhatko Memorial"]
[Site "Kiev"]
[Date "2023.07.15"]
[Round "8"]
[White "Dankulinets, Yulia"]
[Black "Shishkin, Vadim"]
[Result "0-1"]
[WhiteElo "1603"]
[BlackElo "2406"]
[PlyCount "180"]
[EventDate "2023.07.15"]
[EventType "tourn (blitz)"]
[EventRounds "15"]
[EventCountry "UKR"]
[SourceTitle "CBM 215 Extra"]
[Source "ChessBase"]
[SourceDate "2023.09.30"]
[SourceVersion "1"]
[SourceVersionDate "2023.09.30"]
[SourceQuality "1"]

1. c4 e5 2. Nc3 Nc6 3. g3 g6 4. Bg2 Bg7 5. e3 d6 6. Nge2 f5 7. 0-0 Nf6 8. d4 0-0 9. b3 Bd7 10. Bb2 Re8 11. Qc2 a5 12. a3 Rc8 13. Rad1 Qe7 14. Rfe1 Qf8 15. Nd5 Nxd5 16. Bxd5+ Kh8 17. Bg2 Qf7 18. Bd5 Qe7 19. Bg2 Nd8 20. Rd2 b6 21. Red1 Nf7 22. Nc3 Be6 23. d5 Bd7 24. e4 f4 25. h4 Rf8 26. Rd3 Rce8 27. Re1 Kg8 28. Ne2 Nh6 29. gxf4 exf4 30. Bxg7 Qxg7 31. Nd4 Re5 32. Nf3 Re7 33. Ng5 Nf7 34. Nxf7 Qxf7 35. f3 Qf6 36. Qf2 h6 37. Kf1 Rg7 38. Ke2 Qb2+ 39. Kf1 Qxa3 40. e5 dxe5 41. Rxe5 Re7 42. Rxe7 Qxe7 43. Qd2 Qe5 44. Qd1 Re8 45. Rd2 Bf5 46. Kg1 Kg7 47. Kh2 Qe1 48. Qxe1 Rxe1 49. d6 cxd6 50. Rxd6 Re2 51. Rxb6 Rb2 52. c5 Bd3 53. Kg1 g5 54. hxg5 hxg5 55. c6 Rc2 56. Rb7+ Kf6 57. c7 Bf5 58. Rb6+ Ke7 59. Rb5 Be6 60. Rxa5 Rxc7 61. Rxg5 Rc1+ 62. Kh2 Bxb3 63. Re5+ Kf6 64. Re4 Kg5 65. Kh3 Rc5 66. Bf1 Bc2 67. Rb4 Bf5+ 68. Kh2 Rc2+ 69. Bg2 Rf2 70. Rb8 Be6 71. Rb6 Bc4 72. Kg1 Rc2 73. Rb1 Kh4 74. Rb4 Kg3 75. Bf1 Bxf1 76. Kxf1 Rc1+ 77. Ke2 Rc2+ 78. Kd3 Rf2 79. Ke4 Rxf3 80. Rb8 Re3+ 81. Kd4 Re7 82. Rg8+ Kf2 83. Rb8 f3 84. Rb2+ Kg3 85. Rb3 Kg2 86. Rb8 f2 87. Rg8+ Kf1 88. Rb8 Rg7 89. Rb1+ Kg2 90. Rb2 Kg1 0-1

[Event "Malakhatko Memorial op"]
[Site "Chess.com INT"]
[Date "2023.06.14"]
[Round "6"]
[White "Dankulinets, Yulia"]
[Black "Lysenko, Yuri"]
[Result "1-0"]
[WhiteElo "1603"]
[BlackElo "2005"]
[PlyCount "103"]
[EventDate "2023.06.14"]
[EventType "swiss (blitz)"]
[EventRounds "11"]
[EventCountry "USA"]
[SourceTitle "CBM 214 Extra"]
[Source "ChessBase"]
[SourceDate "2023.07.31"]
[SourceVersion "1"]
[SourceVersionDate "2023.07.31"]
[SourceQuality "1"]

1. d4 Nf6 2. Nf3 d6 3. Bf4 g6 4. e3 Bg7 5. Bd3 0-0 6. c3 Nc6 7. 0-0 Nd7 8. e4 e5 9. Be3 f5 10. exf5 gxf5 11. Ng5 Nf6 12. dxe5 Nxe5 13. Bc2 h6 14. Nf3 Nfg4 15. Bd4 Qe8 16. Bb3+ Kh8 17. Nbd2 Qh5 18. h3 Nxf3+ 19. Qxf3 Nf6 20. Bxf6 Qg6 21. Bxg7+ Kxg7 22. Rae1 f4 23. Re7+ Kh8 24. Rfe1 Bf5 25. Rxc7 Rae8 26. Rxe8 Rxe8 27. Qxf4 Re5 28. g4 Re1+ 29. Kh2 Be6 30. Qf8+ Bg8 31. Bxg8 Re8 32. Qf4 Rxg8 33. Ne4 Rg7 34. Rc8+ Kh7 35. Nf6+ Qxf6 36. Qxf6 d5 37. Rf8 Rc7 38. Rf7+ Rxf7 39. Qxf7+ Kh8 40. Qxb7 h5 41. Qxd5 hxg4 42. Qh5+ Kg7 43. Qxg4+ Kh6 44. c4 a5 45. c5 a4 46. Qxa4 Kg5 47. c6 Kf6 48. c7 Ke7 49. c8Q Kf6 50. Qcc6+ Kg7 51. Qa7+ Kh8 52. Qca8# 1-0

[Event "Malakhatko Memorial op"]
[Site "Chess.com INT"]
[Date "2023.06.14"]
[Round "5"]
[White "Nezhyvenko, Mykhaylo"]
[Black "Dankulinets, Yulia"]
[Result "0-1"]
[WhiteElo "1787"]
[BlackElo "1603"]
[PlyCount "108"]
[EventDate "2023.06.14"]
[EventType "swiss (blitz)"]
[EventRounds "11"]
[EventCountry "USA"]
[SourceTitle "CBM 214 Extra"]
[Source "ChessBase"]
[SourceDate "2023.07.31"]
[SourceVersion "1"]
[SourceVersionDate "2023.07.31"]
[SourceQuality "1"]

1. e4 c5 2. Nf3 d6 3. c4 Nc6 4. Nc3 g6 5. d4 cxd4 6. Nxd4 Bg7 7. Be3 Nf6 8. f3 0-0 9. Be2 Nxd4 10. Bxd4 Bh6 11. 0-0 Nh5 12. Nd5 e5 13. Be3 Bxe3+ 14. Nxe3 Nf4 15. g3 Qg5 16. Ng2 Bh3 17. Nxf4 exf4 18. Qxd6 Bxf1 19. Rxf1 fxg3 20. Qxg3 Qe3+ 21. Qf2 Qg5+ 22. Qg3 Qd2 23. Rf2 Qxb2 24. h4 Rad8 25. Bf1 Rd2 26. Rxd2 Qxd2 27. h5 Rd8 28. e5 Qe3+ 29. Kh2 Rd2+ 30. Bg2 Qh6 31. Kg1 Rd1+ 32. Kh2 Qxh5+ 33. Bh3 Rd2+ 34. Kg1 Qh6 35. f4 Qh5 36. Bg4 Rd1+ 37. Bxd1 Qxd1+ 38. Kh2 Qe2+ 39. Kh3 Qxc4 40. Qg5 Qe6+ 41. Kg3 Qb6 42. Qe7 Qg1+ 43. Kf3 Qf1+ 44. Kg3 Qe1+ 45. Kf3 Qd1+ 46. Kg3 Qd3+ 47. Kf2 Qc2+ 48. Kf3 Qc6+ 49. Kg3 Qe6 50. Qxb7 Qxa2 51. Qa8+ Kg7 52. Qd8 Qb3+ 53. Kf2 Qb6+ 54. Qxb6 axb6 0-1

[Event "Shelest Memorial op"]
[Site "Mykolaiv"]
[Date "2023.05.04"]
[Round "2"]
[White "Dankulinets, Yulia"]
[Black "Berin, Artem"]
[Result "0-1"]
[WhiteElo "1700"]
[BlackElo "2140"]
[PlyCount "80"]
[EventDate "2023.05.03"]
[EventType "swiss"]
[EventRounds "9"]
[EventCountry "UKR"]
[SourceTitle "CBM 214 Extra"]
[Source "ChessBase"]
[SourceDate "2023.07.31"]
[SourceVersion "1"]
[SourceVersionDate "2023.07.31"]
[SourceQuality "1"]

1. d4 Nf6 2. Nf3 e6 3. Bf4 b6 4. e3 Bb7 5. Nbd2 Be7 6. h3 0-0 7. Be2 c5 8. c3 d6 9. 0-0 cxd4 10. exd4 Nbd7 11. Re1 Re8 12. Qc2 Bf8 13. Bd3 Qc7 14. Rad1 h6 15. Bh2 a6 16. Re2 Bc6 17. Rde1 b5 18. a3 Nb6 19. b3 Rac8 20. Rc1 Qb7 21. Qb1 a5 22. c4 bxc4 23. bxc4 a4 24. Qa2 Nbd7 25. Rb1 Qa8 26. Ree1 e5 27. d5 Nc5 28. Bc2 Bd7 29. Rb4 Be7 30. Bg3 Nh5 31. Bh4 g5 32. Bg3 Nxg3 33. fxg3 Qa7 34. Kh2 f5 35. Bb1 Bf6 36. Nf1 e4 37. N3d2 Bc3 38. Rb2 Nd3 39. Bxd3 exd3 40. Rbb1 Qf2 0-1

[Event "Kiev Blitz Marathon"]
[Site "Kiev"]
[Date "2023.04.23"]
[Round "11"]
[White "Dankulinets, Yulia"]
[Black "Chubar, Vladimir"]
[Result "0-1"]
[WhiteElo "1700"]
[BlackElo "1830"]
[PlyCount "70"]
[EventDate "2023.04.22"]
[EventType "tourn (blitz)"]
[EventRounds "54"]
[EventCountry "UKR"]
[SourceTitle "CBM 213 Extra"]
[Source "ChessBase"]
[SourceDate "2023.05.31"]
[SourceVersion "1"]
[SourceVersionDate "2023.05.31"]
[SourceQuality "1"]

1. d4 Nf6 2. Bf4 d6 3. e3 Nbd7 4. Nf3 g6 5. h3 Bg7 6. c3 0-0 7. Nbd2 b6 8. Bd3 e5 9. Bh2 Bb7 10. Be2 e4 11. Ng1 Qe7 12. Qc2 a5 13. a3 a4 14. Bc4 d5 15. Ba2 c5 16. Ne2 Nh5 17. 0-0 f5 18. Nf4 Nxf4 19. Bxf4 c4 20. Rfe1 g5 21. Bh2 f4 22. exf4 gxf4 23. f3 e3 24. Bb1 Nf6 25. Nf1 Bh6 26. Re2 Nh5 27. Qd1 Qg7 28. Qe1 Bc8 29. Kh1 Bf5 30. Bxf5 Rxf5 31. Qb1 Raf8 32. Qc2 b5 33. Rae1 Rg5 34. Bg1 Ng3+ 35. Nxg3 Rxg3 0-1

[Event "Kiev Blitz Marathon"]
[Site "Kiev"]
[Date "2023.04.23"]
[Round "13"]
[White "Dankulinets, Yulia"]
[Black "Kazakov, Maksym"]
[Result "0-1"]
[WhiteElo "1700"]
[BlackElo "2039"]
[PlyCount "62"]
[EventDate "2023.04.22"]
[EventType "tourn (blitz)"]
[EventRounds "54"]
[EventCountry "UKR"]
[SourceTitle "CBM 213 Extra"]
[Source "ChessBase"]
[SourceDate "2023.05.31"]
[SourceVersion "1"]
[SourceVersionDate "2023.05.31"]
[SourceQuality "1"]

1. d4 Nf6 2. Nf3 d6 3. Bf4 Nc6 4. e3 Nd7 5. h3 e5 6. dxe5 dxe5 7. Bh2 Bd6 8. Bb5 0-0 9. Nc3 Qe8 10. 0-0 a6 11. Ba4 b5 12. Bb3 Na5 13. Ne4 Nxb3 14. Nxd6 cxd6 15. axb3 Qe6 16. Qd3 e4 17. Qxd6 exf3 18. Qg3 fxg2 19. Qxg2 Ra7 20. Rad1 Ne5 21. f4 Bb7 22. e4 Nd7 23. Rfe1 f5 24. Qd2 Bxe4 25. Qd4 Qg6+ 26. Kf2 Qg2+ 27. Ke3 Qxh3+ 28. Kd2 Qxh2+ 29. Re2 Qxf4+ 30. Ke1 Rc7 31. Rdd2 Ne5 0-1

[Event "Kiev Blitz Marathon"]
[Site "Kiev"]
[Date "2023.04.23"]
[Round "48"]
[White "Dankulinets, Yulia"]
[Black "Khomenko, Pavlo"]
[Result "0-1"]
[WhiteElo "1700"]
[BlackElo "1638"]
[PlyCount "104"]
[EventDate "2023.04.22"]
[EventType "tourn (blitz)"]
[EventRounds "54"]
[EventCountry "UKR"]
[SourceTitle "CBM 213 Extra"]
[Source "ChessBase"]
[SourceDate "2023.05.31"]
[SourceVersion "1"]
[SourceVersionDate "2023.05.31"]
[SourceQuality "1"]

1. e4 e5 2. Nf3 Nc6 3. d4 exd4 4. Bc4 h6 5. 0-0 Bc5 6. c3 dxc3 7. Bxf7+ Kxf7 8. Qd5+ Ke8 9. Qh5+ g6 10. Qxg6+ Kf8 11. Qf5+ Qf6 12. Qxc5+ d6 13. Qxc3 Qxc3 14. Nxc3 Be6 15. a3 a6 16. Nd5 Rc8 17. Bd2 Nce7 18. Bc3 Rh7 19. Nf4 Bg4 20. Nd4 Kf7 21. f3 Bd7 22. Rac1 Nf6 23. Rc2 h5 24. Rfc1 c6 25. Nde2 h4 26. h3 Rg8 27. Kf2 Nh5 28. Nxh5 Rxh5 29. Nf4 Rhg5 30. Rd1 d5 31. Ke3 Bc8 32. exd5 cxd5 33. Bb4 Nc6 34. Rxd5 Rxd5 35. Nxd5 Be6 36. Nf4 Bb3 37. Rd2 Ke8 38. Nh5 Rg6 39. Rd6 Rxg2 40. Nf6+ Kf7 41. Ne4 Rxb2 42. Rf6+ Ke8 43. Rf8+ Kd7 44. Rh8 a5 45. Rh7+ Kd8 46. Bc5 Bd5 47. Rh8+ Kc7 48. Bd6+ Kb6 49. Kd3 Rb3+ 50. Kc2 Rxf3 51. Kd1 Rxh3 52. Nc3 Bf3+ 0-1

[Event "Kiev Blitz Marathon"]
[Site "Kiev"]
[Date "2023.04.23"]
[Round "50"]
[White "Dankulinets, Yulia"]
[Black "Kislinsky, Alexey"]
[Result "0-1"]
[WhiteElo "1700"]
[BlackElo "2357"]
[PlyCount "82"]
[EventDate "2023.04.22"]
[EventType "tourn (blitz)"]
[EventRounds "54"]
[EventCountry "UKR"]
[SourceTitle "CBM 213 Extra"]
[Source "ChessBase"]
[SourceDate "2023.05.31"]
[SourceVersion "1"]
[SourceVersionDate "2023.05.31"]
[SourceQuality "1"]

1. d4 Nf6 2. Nf3 g6 3. Bf4 Bg7 4. e3 d6 5. c3 Nbd7 6. h3 0-0 7. Nbd2 b6 8. Bd3 Bb7 9. 0-0 e6 10. Qe2 a6 11. Rad1 Qe7 12. e4 e5 13. Bh2 Nh5 14. Rfe1 Rfe8 15. Nf1 Nf8 16. Bb1 Ne6 17. d5 Nef4 18. Qd2 Bh6 19. Qc2 Qf6 20. Bxf4 Nxf4 21. N1h2 Bc8 22. Kh1 Bg7 23. h4 Bd7 24. g3 Nh5 25. Kg2 Qe7 26. Qd2 Rf8 27. Bd3 Kh8 28. Be2 Nf6 29. Bf1 Ng8 30. Ng5 h6 31. Ngf3 f5 32. exf5 gxf5 33. Nd4 Qf6 34. Ne6 Bxe6 35. dxe6 Qxe6 36. f4 e4 37. Bd3 Qxa2 38. Bb1 Qf7 39. Nf1 Rad8 40. Ne3 d5 41. Nxd5 c6 0-1

[Event "Kiev Blitz Marathon"]
[Site "Kiev"]
[Date "2023.04.23"]
[Round "40"]
[White "Kazakov, Maksym"]
[Black "Dankulinets, Yulia"]
[Result "1-0"]
[WhiteElo "2039"]
[BlackElo "1700"]
[PlyCount "67"]
[EventDate "2023.04.22"]
[EventType "tourn (blitz)"]
[EventRounds "54"]
[EventCountry "UKR"]
[SourceTitle "CBM 213 Extra"]
[Source "ChessBase"]
[SourceDate "2023.05.31"]
[SourceVersion "1"]
[SourceVersionDate "2023.05.31"]
[SourceQuality "1"]

1. c4 g6 2. g3 Bg7 3. Bg2 e6 4. Nf3 Ne7 5. 0-0 d5 6. d4 0-0 7. b3 c5 8. Bb2 Nbc6 9. cxd5 exd5 10. Qd2 b6 11. dxc5 bxc5 12. Bxg7 Kxg7 13. Rd1 Qd6 14. Nc3 Be6 15. Ne4 Qc7 16. Nxc5 Rad8 17. Rac1 Qb6 18. Nxe6+ fxe6 19. e3 h6 20. Nd4 Nxd4 21. Qxd4+ Qxd4 22. Rxd4 Rf7 23. Rc7 Nf5 24. Rxf7+ Kxf7 25. Ra4 Rd7 26. h4 Nd6 27. Kf1 Nb5 28. Ra5 Nc3 29. Ke1 Rc7 30. b4 Ke7 31. Ra6 Nb5 32. Bh3 Nd6 33. Kd1 Kf7 34. Rxd6 1-0

[Event "Kiev Blitz Marathon"]
[Site "Kiev"]
[Date "2023.04.23"]
[Round "21"]
[White "Khomenko, Pavlo"]
[Black "Dankulinets, Yulia"]
[Result "0-1"]
[WhiteElo "1638"]
[BlackElo "1700"]
[PlyCount "107"]
[EventDate "2023.04.22"]
[EventType "tourn (blitz)"]
[EventRounds "54"]
[EventCountry "UKR"]
[SourceTitle "CBM 213 Extra"]
[Source "ChessBase"]
[SourceDate "2023.05.31"]
[SourceVersion "1"]
[SourceVersionDate "2023.05.31"]
[SourceQuality "1"]

1. Nf3 g6 2. e4 c5 3. Bc4 Bg7 4. Nc3 d6 5. Ng5 e6 6. d3 Nc6 7. Bb5 Bd7 8. 0-0 Nge7 9. a3 a6 10. Bc4 0-0 11. Kh1 Nd4 12. f4 Bc6 13. Rb1 d5 14. Ba2 a5 15. a4 Qd7 16. b3 h6 17. Nh3 Rfd8 18. Bb2 Rab8 19. Qd2 b5 20. axb5 Nxb5 21. Na4 dxe4 22. Nxc5 Qd6 23. Bxg7 Kxg7 24. b4 Nf5 25. c4 e3 26. Qb2+ Nbd4 27. Ne4 Bxe4 28. dxe4 Rxb4 29. Qc3 Rxb1 30. Rxb1 e2 31. exf5 exf5 32. Re1 Kh7 33. c5 Qc6 34. Nf2 Qc7 35. Qc4 Rd7 36. Nd3 Qc6 37. Ne5 Qf6 38. Nxd7 Qh4 39. Qxf7+ Kh8 40. Qf6+ Qxf6 41. Nxf6 Kg7 42. Ne8+ Kf8 43. Nd6 Ke7 44. Bc4 Kd7 45. Bxe2 Kc6 46. Bf3+ Kxc5 47. Nb7+ Kb6 48. Nxa5 Kxa5 49. Rd1 Nc2 50. Rc1 Nb4 51. Ra1+ Kb5 52. Rb1 Kc4 53. Rxb4+ Kxb4 54. Bd5 0-1

[Event "Kiev Blitz Marathon"]
[Site "Kiev"]
[Date "2023.04.23"]
[Round "23"]
[White "Kislinsky, Alexey"]
[Black "Dankulinets, Yulia"]
[Result "1-0"]
[WhiteElo "2357"]
[BlackElo "1700"]
[PlyCount "91"]
[EventDate "2023.04.22"]
[EventType "tourn (blitz)"]
[EventRounds "54"]
[EventCountry "UKR"]
[SourceTitle "CBM 213 Extra"]
[Source "ChessBase"]
[SourceDate "2023.05.31"]
[SourceVersion "1"]
[SourceVersionDate "2023.05.31"]
[SourceQuality "1"]

1. e4 c5 2. c3 d6 3. d4 cxd4 4. cxd4 Nf6 5. Nc3 g6 6. h3 Bg7 7. Nf3 Nc6 8. Be3 0-0 9. a3 a6 10. Be2 e5 11. 0-0 h6 12. Rc1 Kh7 13. b4 Nh5 14. dxe5 dxe5 15. Qxd8 Rxd8 16. Bb6 Rf8 17. Bc4 Be6 18. Bxe6 fxe6 19. Rfd1 Rf7 20. Nd2 Nd4 21. Nc4 Rc8 22. Bxd4 Rxc4 23. Bc5 Nf4 24. Kf1 Bf8 25. Bxf8 Rxf8 26. Rd7+ Kg8 27. Ne2 Rxc1+ 28. Nxc1 Rf7 29. Rd8+ Kg7 30. h4 Rc7 31. Ne2 Nxe2 32. Kxe2 Rc2+ 33. Ke1 Ra2 34. Rd3 Ra1+ 35. Ke2 Ra2+ 36. Ke3 Kf8 37. g3 Rc2 38. Kf3 Ke7 39. Ke3 Rc7 40. Rb3 Rc2 41. a4 Rc4 42. a5 Rc7 43. Rd3 Rd7 44. Rc3 Kd8 45. Rc5 Ke7 46. Rxe5 1-0

[Event "Kiev Blitz Marathon"]
[Site "Kiev"]
[Date "2023.04.23"]
[Round "42"]
[White "Mikhaletz, Lubomir"]
[Black "Dankulinets, Yulia"]
[Result "1-0"]
[WhiteElo "2304"]
[BlackElo "1700"]
[PlyCount "111"]
[EventDate "2023.04.22"]
[EventType "tourn (blitz)"]
[EventRounds "54"]
[EventCountry "UKR"]
[SourceTitle "CBM 213 Extra"]
[Source "ChessBase"]
[SourceDate "2023.05.31"]
[SourceVersion "1"]
[SourceVersionDate "2023.05.31"]
[SourceQuality "1"]

1. e4 c5 2. Nf3 d6 3. d4 cxd4 4. Nxd4 Nf6 5. Nc3 g6 6. Bc4 Bg7 7. h3 Nc6 8. Be3 Bd7 9. 0-0 0-0 10. Bb3 Rc8 11. f4 Na5 12. Qd3 Nxb3 13. axb3 a6 14. f5 Bc6 15. g4 Nd7 16. b4 Ne5 17. Qe2 Qc7 18. Rf2 Bd7 19. Nd5 Qd8 20. b3 e6 21. Nf4 Nxg4 22. hxg4 e5 23. Rd1 exd4 24. Bxd4 Bxd4 25. Rxd4 Qf6 26. Qe3 Rc6 27. Nd5 Qh4 28. Qf4 g5 29. Qf3 f6 30. Rh2 Qe1+ 31. Qf1 Qxf1+ 32. Kxf1 Rf7 33. c4 b5 34. Rc2 Kg7 35. Ke2 Rc8 36. Nb6 Rc7 37. Rxd6 bxc4 38. Rxc4 Bb5 39. Ke3 Bxc4 40. bxc4 Rb7 41. c5 Rbc7 42. Kd4 Rf8 43. c6 Rb8 44. Kc5 Rf7 45. Rd7 Rbf8 46. c7 Rxd7 47. Nxd7 Rc8 48. Kd6 Rxc7 49. Kxc7 h5 50. gxh5 g4 51. e5 fxe5 52. Nxe5 g3 53. Nf3 Kf6 54. h6 g2 55. Kb6 a5 56. bxa5 1-0

[Event "Kiev Blitz Marathon"]
[Site "Kiev"]
[Date "2023.04.22"]
[Round "9"]
[White "Dankulinets, Yulia"]
[Black "Prohorov, Olexandr"]
[Result "0-1"]
[WhiteElo "1700"]
[BlackElo "2086"]
[PlyCount "50"]
[EventDate "2023.04.22"]
[EventType "tourn (blitz)"]
[EventRounds "54"]
[EventCountry "UKR"]
[SourceTitle "CBM 213 Extra"]
[Source "ChessBase"]
[SourceDate "2023.05.31"]
[SourceVersion "1"]
[SourceVersionDate "2023.05.31"]
[SourceQuality "1"]

1. d4 g6 2. c4 Bg7 3. Nc3 c5 4. e3 Nf6 5. Nf3 0-0 6. Be2 cxd4 7. exd4 d5 8. 0-0 Nc6 9. h3 Be6 10. Ng5 Bf5 11. a3 dxc4 12. Bxc4 Qxd4 13. Qb3 Na5 14. Bxf7+ Kh8 15. Qa2 h6 16. Nf3 Qb6 17. Ne5 Kh7 18. g4 Nd7 19. Nd5 Qd6 20. Nxd7 Bxd7 21. Nf4 Rxf7 22. Qxf7 Rf8 23. Qa2 Rxf4 24. Bxf4 Qxf4 25. Rad1 Be5 0-1

[Event "Kiev Spring op"]
[Site "Kiev"]
[Date "2023.03.27"]
[Round "4"]
[White "Dankulinets, Yulia"]
[Black "Diachek, Andriy"]
[Result "0-1"]
[WhiteElo "1710"]
[BlackElo "1950"]
[PlyCount "58"]
[EventDate "2023.03.25"]
[EventType "swiss"]
[EventRounds "9"]
[EventCountry "UKR"]
[SourceTitle "EXT 2024"]
[Source "ChessBase"]
[SourceDate "2023.10.10"]
[SourceVersion "1"]
[SourceVersionDate "2023.10.10"]
[SourceQuality "1"]

1. d4 Nf6 2. Nf3 e6 3. Bf4 c5 4. e3 Nc6 5. c3 Be7 6. Nbd2 Nh5 7. Bg3 Nxg3 8. hxg3 d5 9. Bd3 h6 10. Qe2 Qb6 11. Rb1 Bd7 12. Ne5 Nxe5 13. dxe5 Qc7 14. Nf3 0-0-0 15. b4 c4 16. Bc2 f6 17. exf6 Bxf6 18. Qd2 Kb8 19. a4 e5 20. b5 Bg4 21. 0-0 h5 22. Nh2 d4 23. Nxg4 hxg4 24. Bf5 g5 25. Rfc1 Rh6 26. Bxg4 Rdh8 27. f3 Be7 28. e4 Bc5 29. cxd4 exd4 0-1

[Event "Kiev Spring op"]
[Site "Kiev"]
[Date "2023.03.26"]
[Round "2"]
[White "Dankulinets, Yulia"]
[Black "Pyrig, Roman"]
[Result "0-1"]
[WhiteElo "1710"]
[BlackElo "2072"]
[PlyCount "40"]
[EventDate "2023.03.25"]
[EventType "swiss"]
[EventRounds "9"]
[EventCountry "UKR"]
[SourceTitle "EXT 2024"]
[Source "ChessBase"]
[SourceDate "2023.10.10"]
[SourceVersion "1"]
[SourceVersionDate "2023.10.10"]
[SourceQuality "1"]

1. d4 Nf6 2. Nf3 e6 3. Bf4 d5 4. e3 Bd6 5. Bg3 0-0 6. Bd3 c5 7. c3 Nc6 8. Nbd2 b6 9. Ne5 Bb7 10. Ndf3 Ne7 11. h3 Ne4 12. Qc2 f6 13. Ng4 Bxg3 14. fxg3 Nf5 15. Rg1 Qc7 16. Qe2 Qxg3+ 17. Kd1 h5 18. Ngh2 Nf2+ 19. Kc2 Nxd3 20. Nf1 Qf2 0-1